000 00402pab a2200169 454500
008 180718b2009 xxu||||| |||| 00| 0 eng d
100 _aSharan, Shree Shankar
245 _aThe way we conduct elections in our country
260 _c2009
300 _ap.7-8, 28.
362 _a4 Apr
650 _aElections - India
650 _aElections
773 _aMainstream
908 _aN
909 _a81807
999 _c81807
_d81807